| 000 | 00686nam a2200217Ia 4500 | ||
|---|---|---|---|
| 003 | OSt | ||
| 005 | 20230331113625.0 | ||
| 008 | 210423s2018 xx 000 0 und d | ||
| 020 | _a978-93-5260-741-9 | ||
| 040 | _cAL | ||
| 041 | _aeng | ||
| 082 |
_a032.02 _223 _bSING |
||
| 100 |
_aSINGH (Surender);PARMAR (Virinder) _980776 |
||
| 245 | _aGeneral studies: for civil services preliminary examination GS paper I 2018 | ||
| 260 |
_aChennai _bMcGrawhill Education _c2018 |
||
| 300 |
_alvi,1475 _bPB |
||
| 365 |
_b1595 _cINR |
||
| 650 |
_aGeneral Knowledge _980777 |
||
| 906 | _a2018 ; civil ; examination ; General ; GS ; paper ; preliminary ; services ; studies: | ||
| 942 |
_2ddc _cBK |
||
| 999 |
_c168888 _d168888 |
||